000 00710ntaaa2200229 4500
003 01
005 20251027203058.0
008 0714s1973 ag 01
020 _a8434416891
040 _aAR-BaBN
_bspa
_cAR-BaBN
_eaacr
_dRIC
082 _a300.1800 D95m
100 _aDuverger, Maurice
_932143
245 _aMetodos de las Ciencias Sociales /
_cMaurice Duverger, Enrique Tierno Galvan,
250 _a1 ed.
260 _aBarcelona :
_bAriel,
_c1996
300 _a593 p ;
_cgraficos ; 21 cm
500 _aContiene bibliografias anotadas e indices
650 _aCiencias Sociales-Metodo
_932144
650 _aMetodologia de la Investigacion
_932145
700 _aTierno Galvan, Enrique
_932146
942 _cBK
999 _c26198
_d26198